Relationships - HAIM (All Lyrics) - Statistics

General Stats
  • This quiz has been taken 14 times
  • The average score is 310 of 419
Answer Stats
Answer % Correct
Eastside
100%
17
80%
a
80%
about
80%
all
80%
an
80%
and
80%
are
80%
are,
80%
asking
80%
asking,
80%
baby,
80%
be
80%
but
80%
can
80%
can't
80%
caught
80%
'cause
80%
days
80%
decide
80%
did
80%
do?
80%
do
80%
doing
80%
driving
80%
everyone's
80%
explain
80%
face
80%
feels
80%
fuckin'
80%
get
80%
(goes
80%
goes
80%
(goes,
80%
got
80%
grown
80%
had
80%
have
80%
how
80%
I
80%
if
80%
in
80%
innocent
80%
into
80%
is
80%
it
80%
it?
80%
just
80%
keep
80%
lie,
80%
lie
80%
like
80%
like,
80%
like)
80%
live
80%
look
80%
mistake
80%
must
80%
my
80%
myself
80%
new
80%
oh
80%
oh,
80%
on
80%
or
80%
our
80%
ourselves
80%
parents
80%
relationship
80%
relationship?"
80%
relationship?
80%
relationships,
80%
relationships?
80%
relationships
80%
(relationships)
80%
shit
80%
talk
80%
the
80%
their
80%
thing
80%
this
80%
this?
80%
through
80%
time,
80%
to
80%
turns
80%
up
80%
wait,
80%
wasting
80%
way
80%
we?
80%
we
80%
we're
80%
what
80%
what's
80%
when
80%
why,
80%
why
80%
"why
80%
with
80%
you
80%
your
80%
you're
80%
again
60%
always
60%
am
60%
around
60%
averse
60%
back
60%
been
60%
blame?
60%
comes
60%
communicating
60%
confidence
60%
conflict
60%
conscience?
60%
don't
60%
end
60%
escape
60%
even
60%
friends
60%
from
60%
fucked
60%
fully
60%
gonna
60%
gotta
60%
guilty
60%
head
60%
hear
60%
I'm
60%
I've
60%
keeps
60%
left
60%
love,
60%
love
60%
maybe
60%
me
60%
no
60%
not
60%
one
60%
pretend
60%
really
60%
same
60%
so
60%
stand
60%
tell
60%
that's
60%
there's
60%
they
60%
think
60%
truth
60%
try
60%
voice
60%
want
60%
would
60%
bring
40%
defenses
40%
down
40%
ends
40%
know,
40%
let
40%
put
40%
trying
40%
well,
40%
('ships,
20%
'ships,
20%
'ships)
20%
No matching quizzes found
Score Distribution
Percent of People with Each Score
Percentile by Number Answered
Your Score History
You have not taken this quiz